Poesía completa / (Record no. 182664)

MARC details
000 -LEADER
campo de control de longitud fija 00942nam a2200241 i 4500
001 - NÚMERO DE CONTROL
campo de control 182664
003 - IDENTIFICADOR DE NÚMERO DE CONTROL
campo de control ES-MaACL
005 - FECHA Y HORA DE LA ÚLTIMA TRANSACCIÓN
campo de control 20250902225550.0
008 - DATOS DE LONGITUD FIJA--INFORMACIÓN GENERAL
campo de control de longitud fija 131009s2009 sp | |||||||| | spa d
020 ## - NÚMERO INTERNACIONAL ESTÁNDAR DEL LIBRO
Número Internacional Estándar del Libro 978-84-936669-9-6
080 ## - NÚMERO DE LA CLASIFICACIÓN DECIMAL UNIVERSAL
Número de la Clasificación Decimal Universal 821.134.2(899)-14"19"
100 0# - ENTRADA PRINCIPAL--NOMBRE DE PERSONA
Nombre de persona Agustini, Delmira,
Fechas asociadas al nombre 1886-1914
9 (RLIN) 18923
245 10 - MENCIÓN DEL TÍTULO
Título Poesía completa /
Mención de responsabilidad, etc. Delmira Agustini ; edición y prólogo de Martha L. Canfield.
260 ## - PUBLICACIÓN, DISTRIBUCIÓN, ETC.
Lugar de publicación, distribución, etc. Sevilla :
Nombre del editor, distribuidor, etc. Sibilina :
-- Fundación BBVA,
Fecha de publicación, distribución, etc. [2009]
300 ## - DESCRIPCIÓN FÍSICA
Extensión 207 p. ;
Dimensiones 21cm.
490 1# - MENCIÓN DE SERIE
Mención de serie Biblioteca Sibila-Fundación BBVA de poesía en español. Completas
700 1# - ENTRADA AGREGADA--NOMBRE PERSONAL
Nombre de persona Canfield, Martha L.
9 (RLIN) 147207
830 0# - PUNTO DE ACCESO ADICIONAL DE SERIE-TÍTULO UNIFORME
Título uniforme Biblioteca Sibila-Fundación BBVA de poesía en español. Completas
9 (RLIN) 191811
852 ## - LOCALIZACIÓN
Ubicación ES-MaACL
Número de control de estantería A-12817
itemnumber 189581
Sublocalización o colección R.149031
Ubicación en estantería Depósito 1
Signatura antigua Olim: N-5817
Encuadernación Donación: Fundación BBVA
914 ## - NOMBRE ENTIDAD DE DONANTE
Nombre de congreso/reunión o jurisdicción como elemento de entrada Fundación BBVA
Unidad subordinada Donante
RLIN 4230
942 ## - ELEMENTOS DE ENTRADA SECUNDARIOS (KOHA)
Fuente del sistema de clasificación o colocación Clasificación decimal universal
Tipo de ítem Koha Libro impreso
Holdings
Estatus retirado Estado de pérdida Fuente del sistema de clasificación o colocación Estado de daño No para préstamo Biblioteca de origen Biblioteca actual Ubicación en estantería Fecha de adquisición Fuente de adquisición Total de préstamos Signatura topográfica completa Código de barras Visto por última vez Precio de reemplazo Tipo de ítem Koha
    Clasificación decimal universal     Biblioteca del Ateneo de Madrid Biblioteca del Ateneo de Madrid Depósito 1 09/10/2013 Donación   A-12817 1191966 23/02/2023 23/02/2023 Libro impreso